000 00473nam a2200181Ia 4500
005 20250508152753.0
008 008 250505s9999 xx 000 0 eng d
037 _aTextual
040 _aFEDL
_beng
_cFEDL
041 _aeng
_2eng
084 _a891.709, CIZ
_qFEDL
100 _aCizenvskij Dmitrij
_9762335
245 0 _aHistory of russian literature
260 _c1960
300 _a451p.
942 _cTEXL
_h891.709, CIZ
999 _c1338655
_d1338655